Tootsie /

Na minha lista:
Detalhes bibliográficos
Outros Autores: Hoffman, Dustin, Schisgal, Murray, Pollack, Sydney, Lange, Jessica, Grusin, Dave, Garr, Teri, Gelbart, Larry
Formato: Slides
Idioma:Língua italiana
Publicado em: Roma : La Repubblica, [1995]
Colecção:La Repubblica cinema
Tags: Adicionar Tag
Sem tags, seja o primeiro a adicionar uma tag!

MARC

LEADER 00000ngm a22000007i 4500
001 IT\ICCU\MOD\0316467
003 ItRI
005 20260124182855.0
008 010330s1995 it |||||||||||||||k|||||c
040 |b ita 
041 7 |a ita  |2 ISO-639-2 
130 0 |a Tootsie <film ; 1982>  |3 IT\ICCU\UBO\3291706 
245 0 0 |a Tootsie /  |c di Sydney Pollack ; sceneggiatura di Larry Gelbart, Murray Schisgal ; musiche di Dave Grusin. 
246 1 3 |a Tootsie <videoregistrazione>  |9 IT\ICCU\MOD\0958319 
260 |a Roma :  |b La Repubblica,  |c [1995] 
300 |a 1 videocassetta (VHS) (ca. 112 min.) :  |b color., son 
500 |a Tit. del contenitore 
500 |a Film del 1982, USA; interpreti: Dustin Hoffman, Jessica Lange, Teri Garr 
500 |a Suppl. a: Il venerdì di Repubblica. 
700 1 |a Hoffman, Dustin  |0 IT\ICCU\MILV\099950 
700 1 |a Schisgal, Murray  |0 IT\ICCU\PALV\033911 
700 1 |a Pollack, Sydney  |0 IT\ICCU\RAVV\089536 
700 1 |a Lange, Jessica  |0 IT\ICCU\RAVV\089722 
700 1 |a Grusin, Dave  |0 IT\ICCU\RAVV\089742 
700 1 |a Garr, Teri  |0 IT\ICCU\RAVV\089809 
700 1 |a Gelbart, Larry  |0 IT\ICCU\RAVV\092404 
790 1 |a Grusin, David  |3 IT\ICCU\MODV\328977  |z Grusin, Dave 
830 3 |a La Repubblica cinema  |0 IT\ICCU\TO0\0830765 
942 |2 ddc  |c VM  |n 0 
952 |0 0  |1 0  |4 0  |6 VO_785_000000000000000  |7 0  |9 27366  |a BO  |b BO  |d 2026-01-24  |i 7685  |l 0  |o VO 785  |p BO7685  |r 2026-01-24 18:28:55  |w 2026-01-24  |x [Sebina 5] [1 videocassetta]  |y VM  |z 1 videocassetta 
999 |c 23178  |d 23178